[Event "Lueneburg distr-ch U16/18"]
[Site "Lueneburg"]
[Date "2017.10.11"]
[Round "6"]
[White "Gebauer, Daniel"]
[Black "Baeuerlein, Benedict"]
[Result "0-1"]
[WhiteElo "839"]
[BlackElo "1032"]
[PlyCount "32"]
[EventDate "2017.10.09"]
[EventType "swiss"]
[EventRounds "7"]
[EventCountry "GER"]
[SourceTitle "EXT 2019"]
[Source "ChessBase"]
[SourceDate "2018.10.10"]
[SourceVersion "1"]
[SourceVersionDate "2018.10.10"]
[SourceQuality "1"]

1. e4 e5 2. Nf3 Nc6 3. Bc4 Bc5 4. Nxe5 Nxe5 5. d4 Nxc4 6. dxc5 Ne5 7. Bf4 Qe7 8. Qd4 f6 9. 0-0 Nc6 10. Qd5 d6 11. Nd2 dxc5 12. Rfe1 Be6 13. Qd3 Nb4 14. Qb5+ c6 15. Qc4 Rd8 16. Rac1 b5 0-1

[Event "Lueneburg distr-ch U16/18"]
[Site "Lueneburg"]
[Date "2017.10.09"]
[Round "2"]
[White "Bieler, Janek"]
[Black "Baeuerlein, Benedict"]
[Result "1-0"]
[WhiteElo "1484"]
[BlackElo "1032"]
[PlyCount "101"]
[EventDate "2017.10.09"]
[EventType "swiss"]
[EventRounds "7"]
[EventCountry "GER"]
[SourceTitle "EXT 2019"]
[Source "ChessBase"]
[SourceDate "2018.10.10"]
[SourceVersion "1"]
[SourceVersionDate "2018.10.10"]
[SourceQuality "1"]

1. d4 d5 2. Nf3 Nc6 3. g3 e6 4. Bg2 Nf6 5. 0-0 b6 6. c4 Bb7 7. Nbd2 Ne4 8. Qc2 Nxd2 9. Bxd2 Bb4 10. Bxb4 Nxb4 11. Qa4+ Nc6 12. Ne5 Qd6 13. cxd5 exd5 14. Rac1 Qb4 15. Qxb4 Nxb4 16. Rxc7 Rb8 17. Rxf7 g6 18. Rc7 Nxa2 19. Nf7 Rf8 20. Nd6+ Kd8 21. Rxh7 Bc6 22. Rxa7 Nb4 23. Nf7+ Ke8 24. Ne5 Bb7 25. Nxg6 Rf6 26. Nf4 Kd8 27. Ra4 Nc2 28. Rc1 Rc8 29. Bh3 Rc7 30. Ra7 Rff7 31. Rxb7 Rxb7 32. Rxc2 Ra7 33. Rc8+ Ke7 34. Nxd5+ Kd6 35. Nxb6 Rh7 36. Bf5 Rh5 37. Bd3 Rah7 38. Bxh7 Rxh7 39. e4 Rb7 40. Nc4+ Kd7 41. Rh8 Rxb2 42. Nxb2 Kd6 43. e5+ Kd5 44. f4 Kxd4 45. e6 Kc3 46. e7 Kxb2 47. e8Q Kc3 48. Rh7 Kc4 49. Rd7 Kb5 50. Qc8 Kb6 51. Rb7+ 1-0